Lí luận văn học T.2 Tác phẩm và thể loại văn học
.
שמור ב:
| מחברים אחרים: | , , , |
|---|---|
| פורמט: | ספר |
| שפה: | Vietnamese |
| יצא לאור: |
H.
Nxb. Đại học sư phạm
2012
|
| נושאים: | |
| תגים: |
הוספת תג
אין תגיות, היה/י הראשונ/ה לתייג את הרשומה!
|
| Thư viện lưu trữ: | Mạng thư viện Đại học Đà Nẵng |
|---|
| LEADER | 01290nam a2200361 4500 | ||
|---|---|---|---|
| 001 | 000016576 | ||
| 003 | 12979 | ||
| 005 | 20121121081123.0 | ||
| 008 | 121121s2012 viesd | ||
| 020 | |c 60000đ | ||
| 041 | 0 | |a vie | |
| 082 | |a 801 |b Lil | ||
| 245 | 1 | 0 | |a Lí luận văn học |c Trần Đình Sử (chủ biên), La Khắc Hòa, Phùng Ngọc Kiếm, Nguyễn Xuân Nam |n T.2 |p Tác phẩm và thể loại văn học |
| 260 | |a H. |b Nxb. Đại học sư phạm |c 2012 | ||
| 300 | |a 440 tr. |c 20 cm. | ||
| 520 | |a . | ||
| 653 | |a Lí luận văn học | ||
| 700 | |a Trần Đình Sử |e Chủ biên | ||
| 700 | |a La Khắc Hòa | ||
| 700 | |a Phùng Ngọc Kiếm | ||
| 700 | |a Nguyễn Xuân Nam | ||
| 773 | |t Lí luận văn học |w 741 | ||
| 773 | |d Đại học Sư Phạm |d H. |d 2012 |t Lí luận văn học |w 12977 | ||
| OWN | |a LSP | ||
| AVA | |a UDN50 |b LSP |d 801 Lil |e available |t Error 5001 Not defined in file expand_doc_bib_avail. |f 10 |g 0 |h N |i 2 |k 1 | ||
| 999 | |a From the UDN01 | ||
| AVA | |a UDN50 |b LSP |d 801 Lil |e available |t Error 5001 Not defined in file expand_doc_bib_avail. |f 10 |g 0 |h N |i 2 |k 1 | ||
| TYP | |a Monograph | ||
| TYP | |a Printed language | ||
| 980 | |a Mạng thư viện Đại học Đà Nẵng | ||